Получение интерметаллидных матриц ДЯТ методом СВ-синтеза; Интеллектуальный потенциал Сибири; Ч. 2

Bibliographische Detailangaben
Parent link:Интеллектуальный потенциал Сибири: сборник научных трудов 27-й Региональной научной студенческой конференции (РНСК), Новосибирск, 23-25 Сентября 2019.— , 2019
Ч. 2.— 2019.— [С. 14-16]
1. Verfasser: Костюченко К. С. Кристина Сергеевна
Körperschaft: Национальный исследовательский Томский политехнический университет Инженерная школа ядерных технологий Отделение ядерно-топливного цикла
Weitere Verfasser: Пермикин А. А. Антон Андреевич
Zusammenfassung:Заглавие с экрана
В работе представлены результаты по получению интерметаллидных матриц для дисперсионного ядерного топлива методом СВ-синтеза.
Sprache:Russisch
Veröffentlicht: 2019
Schlagworte:
Online-Zugang:https://lomonosov-msu.ru/file/event/5675/eid5675_attach_dadab762ed86679a7080c263efe921c1dadc554c.pdf#page=15
https://elibrary.ru/item.asp?id=41410626
Format: Elektronisch Buchkapitel
KOHA link:https://koha.lib.tpu.ru/cgi-bin/koha/opac-detail.pl?biblionumber=668324

MARC

LEADER 00000naa0a2200000 4500
001 668324
005 20250619091257.0
035 |a (RuTPU)RU\TPU\network\39549 
035 |a RU\TPU\network\35343 
090 |a 668324 
100 |a 20221004d2019 k y0rusy50 ca 
101 0 |a rus 
102 |a RU 
135 |a drcn ---uucaa 
181 0 |a i  
182 0 |a b 
200 1 |a Получение интерметаллидных матриц ДЯТ методом СВ-синтеза  |f К. С. Костюченко, А. А. Пермикин 
203 |a Текст  |c электронный 
300 |a Заглавие с экрана 
320 |a [Библиогр.: с. 16 (2 назв.)] 
330 |a В работе представлены результаты по получению интерметаллидных матриц для дисперсионного ядерного топлива методом СВ-синтеза. 
461 |t Интеллектуальный потенциал Сибири  |o сборник научных трудов 27-й Региональной научной студенческой конференции (РНСК), Новосибирск, 23-25 Сентября 2019  |o в 3 ч.  |d 2019 
463 |t Ч. 2  |v [С. 14-16]  |d 2019 
610 1 |a труды учёных ТПУ 
610 1 |a электронный ресурс 
610 1 |a ядерная техника 
610 1 |a дисперсионное ядерное топливо 
700 1 |a Костюченко  |b К. С.  |g Кристина Сергеевна 
701 1 |a Пермикин  |b А. А.  |c специалист в области ядерных технологий  |c инженер Томского политехнического университета  |f 1995-  |g Антон Андреевич  |3 (RuTPU)RU\TPU\pers\43579  |9 21687 
712 0 2 |a Национальный исследовательский Томский политехнический университет  |b Инженерная школа ядерных технологий  |b Отделение ядерно-топливного цикла  |3 (RuTPU)RU\TPU\col\23554 
801 2 |a RU  |b 63413507  |c 20221004  |g RCR 
850 |a 63413507 
856 4 |u https://lomonosov-msu.ru/file/event/5675/eid5675_attach_dadab762ed86679a7080c263efe921c1dadc554c.pdf#page=15 
856 4 |u https://elibrary.ru/item.asp?id=41410626  |z https://elibrary.ru/item.asp?id=41410626 
942 |c CF